[Event "AUS-ch Minor"]
[Site "Cammeray"]
[Date "2013.01.13"]
[Round "11"]
[White "Patterson, Philip"]
[Black "Tracey, Michael"]
[Result "0-1"]
[WhiteElo "1456"]
[BlackElo "1338"]
[PlyCount "58"]
[EventDate "2013.01.02"]
[EventType "swiss"]
[EventRounds "11"]
[EventCountry "AUS"]
[SourceTitle "EXT 2022"]
[Source "ChessBase"]
[SourceDate "2021.10.06"]
[SourceVersion "1"]
[SourceVersionDate "2021.10.06"]
[SourceQuality "1"]

1. e4 c5 2. c3 d5 3. exd5 Qxd5 4. Nf3 Bg4 5. Be2 Nf6 6. d3 e6 7. Na3 a6 8. Nc4 Nbd7 9. 0-0 Be7 10. Ne3 Qc6 11. Nxg4 Nxg4 12. Ng5 Ngf6 13. Bf3 Qc7 14. Qb3 Rb8 15. g3 0-0 16. Bf4 e5 17. Be3 b6 18. Kg2 h6 19. Ne4 b5 20. Qc2 a5 21. Qd2 Kh7 22. h4 Nxe4 23. Bxe4+ f5 24. Bd5 f4 25. Be4+ Kh8 26. gxf4 exf4 27. Bxc5 Nxc5 28. Bg6 f3+ 29. Kg1 Qd7 0-1

[Event "AUS-ch Minor"]
[Site "Cammeray"]
[Date "2013.01.12"]
[Round "10"]
[White "Farrell, Keith"]
[Black "Patterson, Philip"]
[Result "1-0"]
[WhiteElo "1361"]
[BlackElo "1456"]
[PlyCount "47"]
[EventDate "2013.01.02"]
[EventType "swiss"]
[EventRounds "11"]
[EventCountry "AUS"]
[SourceTitle "EXT 2022"]
[Source "ChessBase"]
[SourceDate "2021.10.06"]
[SourceVersion "1"]
[SourceVersionDate "2021.10.06"]
[SourceQuality "1"]

1. e4 Nf6 2. e5 Nd5 3. c4 Nb6 4. d4 e6 5. Nf3 d5 6. Nc3 dxc4 7. Bxc4 Be7 8. Bb5+ c6 9. Be2 Na6 10. 0-0 Nc7 11. Bf4 Nbd5 12. Bg3 f5 13. exf6 gxf6 14. Qd2 h5 15. Nh4 Bd6 16. Ng6 Rh7 17. Bd3 f5 18. Bh4 Nf6 19. Qg5 Kf7 20. Ne5+ Bxe5 21. dxe5 Qxd3 22. Qxf6+ Ke8 23. Rad1 Qc4 24. Rd8# 1-0

[Event "AUS-ch Minor"]
[Site "Cammeray"]
[Date "2013.01.06"]
[Round "5"]
[White "Patterson, Philip"]
[Black "Gardiner Garden, Aelfric"]
[Result "1-0"]
[WhiteElo "1456"]
[BlackElo "1311"]
[PlyCount "75"]
[EventDate "2013.01.02"]
[EventType "swiss"]
[EventRounds "11"]
[EventCountry "AUS"]
[SourceTitle "EXT 2022"]
[Source "ChessBase"]
[SourceDate "2021.10.06"]
[SourceVersion "1"]
[SourceVersionDate "2021.10.06"]
[SourceQuality "1"]

1. d4 f5 2. c4 g6 3. Nc3 Nf6 4. Nf3 Bg7 5. e3 0-0 6. Bd3 d6 7. 0-0 Nc6 8. d5 Ne5 9. Bc2 Nxc4 10. Qe2 Nb6 11. Bb3 Kh8 12. Ng5 h6 13. Ne6 Bxe6 14. dxe6 c6 15. e4 fxe4 16. Nxe4 d5 17. Nc5 Qc8 18. Bc2 g5 19. Qd3 Nc4 20. Nd7 Ne4 21. f3 Ne5 22. Nxe5 Bxe5 23. fxe4 dxe4 24. Rxf8+ Qxf8 25. Qxe4 Qg7 26. Be3 Bxb2 27. Rb1 Be5 28. Rxb7 Rf8 29. Bd3 Rf6 30. Rd7 Kg8 31. Rd8+ Rf8 32. Rxf8+ Kxf8 33. Bxa7 g4 34. a4 g3 35. hxg3 Bxg3 36. Qf3+ Ke8 37. Qxc6+ Kd8 38. Qd7# 1-0

[Event "AUS-ch Minor"]
[Site "Cammeray"]
[Date "2013.01.02"]
[Round "1"]
[White "Patterson, Philip"]
[Black "Accola, Tom"]
[Result "1-0"]
[WhiteElo "1456"]
[BlackElo "1009"]
[PlyCount "61"]
[EventDate "2013.01.02"]
[EventType "swiss"]
[EventRounds "11"]
[EventCountry "AUS"]
[SourceTitle "EXT 2022"]
[Source "ChessBase"]
[SourceDate "2021.10.06"]
[SourceVersion "1"]
[SourceVersionDate "2021.10.06"]
[SourceQuality "1"]

1. c4 c5 2. Nc3 d6 3. g3 Nf6 4. Bg2 Nc6 5. Nf3 e6 6. 0-0 Be7 7. d4 0-0 8. a3 b6 9. Rb1 Ba6 10. Nb5 Bb7 11. dxc5 bxc5 12. b4 Ne4 13. Qc2 Nf6 14. Rd1 a6 15. Nc3 cxb4 16. axb4 Qc7 17. Bf4 Rfd8 18. c5 e5 19. Be3 d5 20. Na4 d4 21. Bg5 e4 22. Ne1 Ne5 23. Bxf6 Bxf6 24. Bxe4 Bxe4 25. Qxe4 Nc6 26. Nb6 Ra7 27. Nd3 Kf8 28. Nd5 Re8 29. Qxh7 Qxg3+ 30. hxg3 g6 31. Nxf6 1-0

[Event "AUS-ch Minor"]
[Site "Cammeray"]
[Date "2011.01.04"]
[Round "3"]
[White "Patterson, Philip"]
[Black "Stathos, Dimitrios"]
[Result "1-0"]
[WhiteElo "1332"]
[BlackElo "724"]
[PlyCount "67"]
[EventDate "2011.01.02"]
[EventType "swiss"]
[EventRounds "11"]
[EventCountry "AUS"]
[SourceTitle "EXT 2012"]
[Source "ChessBase"]
[SourceDate "2011.11.24"]
[SourceVersion "1"]
[SourceVersionDate "2011.11.24"]
[SourceQuality "1"]

1. e4 e5 2. Nf3 Nf6 3. Nc3 Bb4 4. Bc4 Bxc3 5. bxc3 Nc6 6. 0-0 0-0 7. Re1 d6 8. d4 Bg4 9. d5 Na5 10. Bd3 c6 11. c4 Ne8 12. h3 Bh5 13. Bg5 f6 14. Bh4 Qd7 15. Re3 b5 16. cxb5 cxb5 17. Rb1 a6 18. Nxe5 fxe5 19. Qxh5 Rf7 20. Qe2 Nf6 21. Bg3 Nb7 22. c4 bxc4 23. Bxc4 a5 24. Bb5 Qd8 25. Bc6 Ra7 26. Reb3 Qc8 27. Qe3 Qa8 28. Rb6 Qc8 29. f3 Rc7 30. Qb3 Nc5 31. Qc4 Nfd7 32. R6b2 Kh8 33. Bf2 a4 34. Qb5 1-0

[Event "AUS-ch Minor"]
[Site "Cammeray"]
[Date "2011.01.03"]
[Round "2"]
[White "Shi, Eric"]
[Black "Patterson, Philip"]
[Result "1-0"]
[WhiteElo "941"]
[BlackElo "1332"]
[PlyCount "45"]
[EventDate "2011.01.02"]
[EventType "swiss"]
[EventRounds "11"]
[EventCountry "AUS"]
[SourceTitle "EXT 2012"]
[Source "ChessBase"]
[SourceDate "2011.11.24"]
[SourceVersion "1"]
[SourceVersionDate "2011.11.24"]
[SourceQuality "1"]

1. Nf3 c5 2. c4 Nc6 3. d4 cxd4 4. Nxd4 Nf6 5. Nc3 g6 6. Bf4 d6 7. Nd5 e5 8. Bg5 Be7 9. Nxe7 Qxe7 10. Nb5 0-0 11. Qd2 Bf5 12. e4 Bxe4 13. Nc3 Bxg2 14. Bxg2 h6 15. Nd5 Qe6 16. Bxf6 Kh7 17. h4 Qg4 18. f3 Qxc4 19. h5 Rg8 20. Bf1 Qa4 21. Bd3 Nd4 22. Qxh6+ Kxh6 23. hxg6# 1-0

[Event "Cammeray Norths CC op"]
[Site "Cammeray"]
[Date "2010.01.02"]
[Round "1"]
[White "Teymant, Roy"]
[Black "Patterson, Philip"]
[Result "0-1"]
[WhiteElo "882"]
[BlackElo "1381"]
[PlyCount "70"]
[EventDate "2010.01.02"]
[EventType "swiss"]
[EventRounds "7"]
[EventCountry "AUS"]
[SourceTitle "EXT 2011"]
[Source "ChessBase"]
[SourceDate "2010.11.26"]
[SourceVersion "1"]
[SourceVersionDate "2010.11.26"]
[SourceQuality "1"]

1. e4 c5 2. Nf3 d6 3. Nc3 Nc6 4. Bc4 e6 5. 0-0 Nf6 6. d4 cxd4 7. Nxd4 a6 8. Bg5 Qb6 9. Nxc6 Qxc6 10. Qe2 Bd7 11. Rad1 Be7 12. Bb3 b5 13. Rfe1 h6 14. Bh4 g5 15. Bg3 Ng8 16. Nd5 exd5 17. Bxd5 Qc8 18. Bxa8 Qxa8 19. e5 d5 20. Qh5 Be6 21. Qf3 g4 22. Qc3 Qb7 23. Bf4 h5 24. Be3 Nh6 25. Bxh6 Rxh6 26. Qe3 Rg6 27. Qe2 Bc5 28. Qd3 Qb6 29. Kf1 Bxf2 30. Re2 g3 31. hxg3 Bxg3 32. Rdd2 Qd8 33. Re3 Qh4 34. Rd1 Qh1+ 35. Ke2 Qxg2# 0-1

[Event "Sydney Centenary U1600"]
[Site "Sydney"]
[Date "2009.01.07"]
[Round "7"]
[White "Patterson, Philip"]
[Black "Beahan, Patrick"]
[Result "1/2-1/2"]
[WhiteElo "1310"]
[BlackElo "1305"]
[PlyCount "165"]
[EventDate "2009.01.02"]
[EventType "swiss"]
[EventRounds "11"]
[EventCountry "AUS"]
[SourceTitle "EXT 2023"]
[Source "ChessBase"]
[SourceDate "2022.10.05"]
[SourceVersion "1"]
[SourceVersionDate "2022.10.05"]
[SourceQuality "1"]

1. e4 e5 2. Nf3 Nc6 3. d4 exd4 4. Nxd4 Nf6 5. Nc3 Bb4 6. Bg5 d6 7. Nxc6 bxc6 8. Bd3 0-0 9. Qd2 Re8 10. 0-0 a5 11. Qf4 Bb7 12. Rad1 Qe7 13. Qh4 Ba6 14. Ne2 h6 15. Bxf6 Qxf6 16. Qxf6 gxf6 17. Nd4 Bxd3 18. cxd3 Ra6 19. Nf5 Kh7 20. Rc1 d5 21. f3 Bd6 22. Rc2 c5 23. Re1 a4 24. Ne3 c6 25. Nf5 Bf8 26. Rce2 Rb6 27. exd5 Rxe2 28. Rxe2 cxd5 29. Ne3 d4 30. Nc4 Ra6 31. Re8 Kg7 32. f4 Bd6 33. g3 h5 34. Kf2 Bf8 35. Kf3 Bd6 36. g4 hxg4+ 37. Kxg4 f5+ 38. Kxf5 Bf8 39. Re2 Rf6+ 40. Kg4 Bd6 41. Nxd6 Rxd6 42. Rc2 a3 43. bxa3 Ra6 44. Rxc5 Rxa3 45. h4 Rxa2 46. Rd5 Ra4 47. Kf3 Kg6 48. h5+ Kg7 49. Kg4 Ra1 50. Rxd4 Rg1+ 51. Kf5 Rh1 52. Kg4 Rg1+ 53. Kf3 Rh1 54. Rd5 Rf1+ 55. Ke4 Re1+ 56. Kd4 Rf1 57. Rg5+ Kh6 58. Ke5 f6+ 59. Kxf6 Rxf4+ 60. Rf5 Rd4 61. Rf3 Kxh5 62. Ke5 Rd8 63. d4 Kg4 64. Rf7 Kg5 65. d5 Kg6 66. Rf2 Re8+ 67. Kd4 Rd8 68. Kc5 Ra8 69. d6 Ra5+ 70. Kc6 Ra6+ 71. Kd7 Ra4 72. Re2 Kf7 73. Re7+ Kf8 74. Re5 Kf7 75. Rc5 Ra8 76. Rc7 Kf6 77. Rb7 Ke5 78. Kc7 Ke6 79. d7 Ke7 80. Rb4 Ra7+ 81. Kc6 Rxd7 82. Re4+ Kd8 83. Re6 1/2-1/2